[Event "SRB-chT 2nd League East play out"]
[Site "Knic"]
[Date "2019.10.06"]
[Round "1.1"]
[White "Maksimovic, Bojan"]
[Black "Petrovic, Dragan R"]
[Result "1-0"]
[WhiteElo "2364"]
[BlackElo "2190"]
[PlyCount "79"]
[EventDate "2019.10.06"]
[EventType "team-match"]
[EventRounds "1"]
[EventCountry "SRB"]
[SourceTitle "CBM 195 Extra"]
[Source "ChessBase"]
[SourceDate "2020.05.31"]
[SourceVersion "1"]
[SourceVersionDate "2020.05.31"]
[SourceQuality "1"]
[WhiteTeam "Pozarevac"]
[BlackTeam "Aleksinac"]
[WhiteTeamCountry "SRB"]
[BlackTeamCountry "SRB"]

1. e4 c5 2. Nf3 Nc6 3. d4 cxd4 4. Nxd4 Nf6 5. Nc3 d6 6. Be2 e5 7. Nf3 Be7 8. 0-0 h6 9. Re1 0-0 10. Bf1 Be6 11. Nd5 Bxd5 12. exd5 Nb8 13. c4 Nfd7 14. Rb1 a5 15. b3 f5 16. a3 Na6 17. b4 axb4 18. axb4 b6 19. Bd2 Bf6 20. Bc3 g5 21. h3 Bg7 22. Ra1 Nc7 23. g4 Rxa1 24. Bxa1 fxg4 25. Nd2 gxh3 26. Bxh3 Rf4 27. Ne4 Nf6 28. Nxd6 Rh4 29. Nb7 Qb8 30. Bg2 Rg4 31. Nd6 Ncxd5 32. Bxe5 Nf4 33. Bxf4 gxf4 34. Kf1 Rg5 35. Qd3 Bf8 36. Re6 Qd8 37. Qd4 Ng4 38. Bd5 Nh2+ 39. Ke2 f3+ 40. Kd3 1-0

[Event "SRB-chT3 South"]
[Site "Serbia"]
[Date "2017.10.13"]
[Round "7.6"]
[White "Petkovic, Dragoslav"]
[Black "Petrovic, Dragan R"]
[Result "0-1"]
[WhiteElo "2240"]
[BlackElo "2262"]
[PlyCount "79"]
[EventDate "2017.09.03"]
[EventType "team-tourn"]
[EventRounds "11"]
[EventCountry "SRB"]
[SourceTitle "EXT 2022"]
[Source "ChessBase"]
[SourceDate "2021.10.06"]
[SourceVersion "1"]
[SourceVersionDate "2021.10.06"]
[SourceQuality "1"]

1. e4 d6 2. d4 Nf6 3. Nd2 g6 4. Ngf3 Bg7 5. Be2 0-0 6. 0-0 c5 7. dxc5 dxc5 8. c3 Nc6 9. Qc2 Qc7 10. a4 b6 11. Re1 Bb7 12. Bf1 Rad8 13. Nc4 Rd7 14. g3 e5 15. Bh3 Re7 16. Bg5 h6 17. Bxf6 Bxf6 18. Ne3 Nd8 19. Nd2 Bg7 20. Ndc4 Bc6 21. Nd5 Bxd5 22. exd5 Nb7 23. Bg2 f5 24. Qb3 Nd6 25. a5 Rb8 26. axb6 axb6 27. Ra6 Nxc4 28. Qxc4 Kh8 29. h4 h5 30. Rea1 e4 31. Ra7 Qd6 32. Rxe7 Qxe7 33. Re1 b5 34. Qa2 c4 35. Qa6 Qc5 36. Qe6 Rb6 37. Qf7 Rf6 38. Qb7 Rd6 39. Rd1 Kh7 40. Qxg7+ 0-1

[Event "Nis-ch"]
[Site "Nis"]
[Date "2007.06.09"]
[Round "8"]
[White "Jonic, Vladimir"]
[Black "Petrovic, Dragan R"]
[Result "1/2-1/2"]
[WhiteElo "2213"]
[BlackElo "2135"]
[PlyCount "80"]
[EventDate "2007.06.02"]
[EventType "swiss"]
[EventRounds "9"]
[EventCountry "SRB"]
[SourceTitle "EXT 2023"]
[Source "ChessBase"]
[SourceDate "2022.10.05"]
[SourceVersion "1"]
[SourceVersionDate "2022.10.05"]
[SourceQuality "1"]

1. e4 d6 2. d4 g6 3. Nc3 Bg7 4. Be3 Nf6 5. f3 0-0 6. Qd2 Nc6 7. 0-0-0 a6 8. g4 e5 9. Nge2 exd4 10. Nxd4 Re8 11. Be2 Nxd4 12. Bxd4 Be6 13. g5 Nh5 14. Bxg7 Nxg7 15. h4 Qe7 16. h5 gxh5 17. f4 f5 18. Bxh5 Rf8 19. Qh2 Nxh5 20. Qxh5 Qg7 21. Rdg1 c6 22. g6 h6 23. Ne2 fxe4 24. Nd4 Bd7 25. Qxh6 Qxh6 26. Rxh6 c5 27. g7 Rfd8 28. Ne6 Bxe6 29. Rxe6 Kf7 30. f5 d5 31. c4 dxc4 32. Rxe4 Rg8 33. Rxc4 Rac8 34. Rcg4 Kf6 35. Rg5 Rc7 36. Kd2 Rcxg7 37. Rxg7 Rxg7 38. Rxg7 Kxg7 39. Ke3 Kf6 40. Ke4 b5 1/2-1/2

[Event "Nis-ch"]
[Site "Nis"]
[Date "2007.06.08"]
[Round "7"]
[White "Petrovic, Dragan R"]
[Black "Miljkovic, Miroslav D"]
[Result "0-1"]
[WhiteElo "2135"]
[BlackElo "2405"]
[PlyCount "106"]
[EventDate "2007.06.02"]
[EventType "swiss"]
[EventRounds "9"]
[EventCountry "SRB"]
[SourceTitle "EXT 2023"]
[Source "ChessBase"]
[SourceDate "2022.10.05"]
[SourceVersion "1"]
[SourceVersionDate "2022.10.05"]
[SourceQuality "1"]

1. Nf3 Nf6 2. g3 d5 3. b3 Bg4 4. Bg2 Nbd7 5. Bb2 e6 6. 0-0 Bd6 7. d4 c6 8. Ne5 Bh5 9. Nd2 Qc7 10. f4 c5 11. c3 Qb6 12. Kh1 cxd4 13. cxd4 Bxe5 14. fxe5 Ng4 15. Rf3 f5 16. h3 Nh6 17. Rf1 0-0 18. Nf3 Nf7 19. Qd2 Rac8 20. Rac1 h6 21. h4 Qa6 22. a4 Nb8 23. e3 b6 24. Rxc8 Rxc8 25. Rc1 Kh7 26. Rxc8 Qxc8 27. Ne1 g5 28. hxg5 hxg5 29. Qc3 Qxc3 30. Bxc3 Bd1 31. Bf1 Bxb3 32. a5 Bc4 33. axb6 axb6 34. Bxc4 dxc4 35. Nc2 Nc6 36. Na3 Ne7 37. Nxc4 Nd5 38. Bd2 Kg7 39. Na3 g4 40. Kg2 Kf8 41. Kf1 Ke8 42. Ke2 Kd7 43. Kd3 Kc6 44. e4 fxe4+ 45. Kxe4 Nh8 46. Nc2 Ng6 47. Nb4+ Nxb4 48. Bxb4 Kb5 49. Bd6 Kc4 50. d5 exd5+ 51. Kf5 d4 52. Ba3 d3 53. Bc1 Nxe5 0-1

[Event "Nis-ch"]
[Site "Nis"]
[Date "2007.06.04"]
[Round "3"]
[White "Petrovic, Dragan R"]
[Black "Ristic, Nebojsa B"]
[Result "1-0"]
[WhiteElo "2135"]
[BlackElo "2336"]
[PlyCount "103"]
[EventDate "2007.06.02"]
[EventType "swiss"]
[EventRounds "9"]
[EventCountry "SRB"]
[SourceTitle "EXT 2023"]
[Source "ChessBase"]
[SourceDate "2022.10.05"]
[SourceVersion "1"]
[SourceVersionDate "2022.10.05"]
[SourceQuality "1"]

1. e4 e6 2. d3 d5 3. Nd2 c5 4. g3 Nf6 5. e5 Nfd7 6. f4 Nc6 7. Ngf3 Be7 8. Bg2 b6 9. 0-0 Bb7 10. c3 Qc7 11. Qe2 h6 12. Re1 g5 13. fxg5 hxg5 14. g4 0-0-0 15. Nf1 Rdg8 16. Ng3 Nd8 17. Bd2 f6 18. exf6 Bxf6 19. d4 Kb8 20. b4 c4 21. b5 Be7 22. Nh5 Rg6 23. Rf1 Bd6 24. Rae1 Nf7 25. h3 e5 26. Nh4 gxh4 27. Rxf7 e4 28. Ref1 Qd8 29. Qf2 Bc8 30. Nf4 Rf6 31. Rxf6 Nxf6 32. Ng6 Nxg4 33. hxg4 Rg8 34. Qf6 Qc7 35. Bh3 Re8 36. Qxd6 Qxd6 37. Bf4 Qxf4 38. Rxf4 e3 39. Ne5 a6 40. a4 axb5 41. axb5 Kc7 42. Kf1 Be6 43. Rf6 Bg8 44. Ke2 Ra8 45. Rg6 Ra2+ 46. Kxe3 Rc2 47. Rg7+ Kd8 48. Rxg8+ Ke7 49. Rg7+ Kf8 50. Rf7+ Ke8 51. Rf3 Rxc3+ 52. Kd2 1-0